Christian ethics and the crisis of gender violence : (Record no. 78073)

MARC details
000 -LEADER
fixed length control field 00770nam a22002177a 4500
005 - DATE AND TIME OF LATEST TRANSACTION
control field 20131001114301.0
010 ## - LCCN (DPL NO)
LC control number ENG-108148
020 ## - INTERNATIONAL STANDARD BOOK NUMBER
International Standard Book Number 9788192512129
Terms of availability 600.00
020 ## - INTERNATIONAL STANDARD BOOK NUMBER
International Standard Book Number 8192512126
Terms of availability 600.00
035 ## - SYSTEM CONTROL NUMBER
System control number EN-91681
037 ## - SOURCE OF ACQUISITION
Source of stock number/acquisition DBAD/PUB
082 ## - DEWEY DECIMAL CLASSIFICATION NUMBER
Classification number 280
100 ## - MAIN ENTRY--PERSONAL NAME
Personal name Jamieson,Christine
245 ## - TITLE STATEMENT
Title Christian ethics and the crisis of gender violence :
Statement of responsibility, etc by Christine Jamieson
Remainder of title exploring Kristeva's reading of religion, culture and the human psyche /
260 ## - PUBLICATION, DISTRIBUTION, ETC. (IMPRINT)
Place of publication, distribution, etc New Delhi
Name of publisher, distributor, etc Christian World Imprints
Date of publication, distribution, etc 2013
270 ## - ADDRESS
City New Delhi
Postal code 110015
Address H-12,Bali Nagar
300 ## - PHYSICAL DESCRIPTION
Extent xxiv,216p.
Dimensions 23cm(Hb)
490 ## - SERIES STATEMENT
Series statement Christian heritage rediscovered-1
500 ## - GENERAL NOTE
General note Includes bibliographical references and indexes
942 ## - ADDED ENTRY ELEMENTS (KOHA)
Source of classification or shelving scheme Dewey Decimal Classification
Item type English Books
Call number suffix JAM
Classification part 280
Holdings
Withdrawn status Lost status Not for loan Collection code Home library Current library Date acquired Source of acquisition Cost, normal purchase price Full call number Barcode Copy number Cost, replacement price Koha item type
    Not For Loan Non-fiction D.B.Act.Division D.B.Act.Division 26/07/2013 DBAD/PUB 600.00 280 JAM EN-91681 1 600.00 English Books

© Delhi Public Library
Hit Counter
free hit counter